| 000 | 00963nam a2200289 a 4500 | ||
|---|---|---|---|
| 001 | 57675 | ||
| 003 | BD-RjUL | ||
| 005 | 20211209080536.0 | ||
| 008 | 111216s1995 ii b 001 0 eng | ||
| 020 |
_a817095052X : _cRs200.00 |
||
| 035 | _a(BD-RjUL) 57799 | ||
| 040 |
_aDLC _cDLC _beng _dBD-RjUL |
||
| 041 | _aeng | ||
| 082 |
_223 _a322.420962 _bBAR 1995 |
||
| 100 | 1 |
_aBari, Johurul. _9171277 |
|
| 245 | 1 | 0 |
_aRe-emergence of the Muslim Brothers in Egypt / _cZohurul Bari. |
| 260 |
_aNew Delhi : _bLancers Books, _c1995. |
||
| 300 |
_axvi, 165 p. ; _c23 cm. |
||
| 504 | _aIncludes bibliographical references (p. [149]-162) and index. | ||
| 610 | 2 | 0 |
_aJamiyat al-Ikhwan al-Muslimin (Egypt) _9171283 |
| 650 | 0 |
_aIslam _zEgypt _xHistory. _9171279 |
|
| 650 | 0 |
_aIslam and politics _zEgypt. _9171280 |
|
| 651 | 0 |
_aEgypt _xPolitics and government _y1970-1981. _9171281 |
|
| 740 | 0 | 1 | _aReemergence of the Muslim Brothers in Egypt. |
| 942 |
_2ddc _cBK |
||
| 999 |
_c57675 _d57675 |
||